Responses for Show #7469 - Thursday, February 16, 2017

2017 College Championship quarterfinal game 4.

Contestants

[<< previous game]

Corey Schmalzle, a senior at Lehigh University from Hawley, Pennsylvania

Mohan Malhotra, a freshman at NYU from Wilmington, Delaware

Allison Holley, a senior at Lawrence University from Racine, Wisconsin

[next game >>]

Jeopardy! Round responses

WHAT ARE THOSE?
ATHLETES IN THE HEADLINES
(Alex: Aren't they always?)
FREE SPEECH
SPINNING A WEBSITE
FANTASTIC BEASTS
& WHERE TO FIND "EM"
    $200 30
water

Corey
    $200 5
Kaepernick

Corey
    $200 24
complimentary

Allison
    $200 1
White House

Corey
    $200 17
(Alex: [*], beautiful animal.)

Pegasus

Allison
    $200 21
Clemson

Mohan
    $400 26
hairstyles

Allison
    $400 8
Stephen Curry

Mohan
    $400 25
a full ride

Mohan
    $400 18
Vine

Corey
    $400 15
a centaur

Mohan
    $400 22
Tempe (Arizona)

Triple Stumper
    $600 23
awards

Corey
    $600 9
the WNBA

Mohan
    $600 6
(Alex: Roof shingles, free--well, Corey, go again.)
[Laughter]

on the house

Triple Stumper
    $600 19
The Onion

Corey
    $600 2
the Oracle

Corey
    $600 4
Memphis

Corey
    $800 3
stars

Corey
    $800 10
Dak Prescott

Mohan
    $800 12
shareware

Corey
    $800 7
Flickr

Mohan
    $800 16
Odin

Allison
    $1,000 28
Luxembourg

Allison
    $1000 27
(Alex: Those are all [*], different breeds.)

horses

Triple Stumper
    $1000 11
(Corey: Who is Zobrist?)

Kris Bryant

Corey
Triple Stumper
    $1000 14
(Corey: What is grata?)
[Originally ruled correct; ruled incorrect during the contestant interviews]

gratis

Corey
Triple Stumper
    $1000 20
Haiti

Corey
    $1000 13
(Corey: What is a lion?)

a deer

Corey
Triple Stumper
    $1000 29
(Corey: What is Yemen?)

the United Arab Emirates

MohanCorey

Scores at the first commercial break (after clue 15):

Allison Mohan Corey
$0 $3,000 $200

Scores at the end of the Jeopardy! Round:

Allison Mohan Corey
$2,600 $4,600 $2,000

Double Jeopardy! Round responses

MADAM SECRETARY
ENGLISH LIT
1 VOWEL, 3 TIMES
STATUES
NEWS ON THE SCREEN
NUTRITION
(Alex: Something we should all pay attention to.)
    $400 7
FDR

Allison
    $400 2
Lord of the Rings

Mohan
    $400 21
banana

Mohan
    $400 26
south

Triple Stumper
    $400 1
BuzzFeed

Allison
    $400 14
salt

Allison
    $800 8
21

Mohan
    $800 3
(George) Eliot

Mohan
    $800 22
an element

Mohan
    $800 27
Stalingrad

Triple Stumper
    $800 12
60 Minutes

Corey
    $800 17
grains

Corey
    $1200 9
(Mohan: What is... Housing? Department of Housing?)

Housing and Urban Development

AllisonMohan
    $200 4
(Mohan: I'm going to take a guess here. What is [*]?)

The Importance of Being Earnest

Mohan
    $1200 23
illicit

Corey
    $1200 28
Rodin

Allison
    $1200 13
(Corey: What is... Telemundo?)

Univision

MohanCorey
    $1200 18
(Allison: What is recommended daily allowance?)
...
(Alex: [*], yes. "This mineral".)

iron

AllisonCorey
    $1600 10
the Clinton Foundation

Corey
    $1600 5
Wolf Hall

Triple Stumper
    $1600 24
Valhalla

Mohan
    $1600 29
Nelson

Mohan
    $1600 15
Al Jazeera

Mohan
    $1600 19
probiotics

Corey
    $2,000 11
(Corey: What is the DEP?... The Department of...)
(Alex: Environmental Protection? No.)

the Interior

Corey
    $2000 6
A Passage to India

Mohan
    $2000 25
(Alex: Moroccan leather, hence, [*] is the correct response.)

Morocco

Triple Stumper
    $2000 30
The Little Mermaid

Allison
    $2000 16
Yahoo!

Allison
    $2000 20
(Alex: That would be--I know you're counting all the letters in [*].)

monounsaturated

Triple Stumper

Scores at the end of the Double Jeopardy! Round:

Allison Mohan Corey
$9,000 $14,800 $6,000

Final Jeopardy! Round responses

SOUTH AMERICA
(Alex: There aren't that many countries in South America, but I could see you thinking and going around the continent.)
...
(Alex: [To Corey] [*], capital of Brazil.)
CoreyWhat is Brasilia?
$5,000
AllisonWhat is Brasilia?
$4,000
MohanWhat is Brasilia?
$800
Brasilia

Final scores:

Allison Mohan Corey
$13,000 $15,600 $11,000
2nd place: $5,000 if eliminated Automatic semifinalist 3rd place: $5,000 if eliminated

Game dynamics:

Coryat scores:

Allison Mohan Corey
$8,800 $15,800 $8,000
12 R
(including 1 DD),
1 W
19 R
(including 1 DD),
1 W
17 R,
6 W
(including 1 DD)

Combined Coryat: $32,600

[game clues] [game scores] [suggest correction]

Game tape date: 2017-01-10
The J! Archive is created by fans, for fans. Scraping, republication, monetization, and malicious use prohibited; this site may use cookies and collect identifying information. See terms. The Jeopardy! game show and all elements thereof, including but not limited to copyright and trademark thereto, are the property of Jeopardy Productions, Inc. and are protected under law. This website is not affiliated with, sponsored by, or operated by Jeopardy Productions, Inc. Join the discussion at JBoard.tv.